Liedtext - Meine Soldaten - Maxim - Statistiken

Allgemein
  • Dieses Quiz wurde 54 mal gespielt
  • Das Durchschnittsergebnis liegt bei 204 aus 324
Antwortstatistiken
Textquiz % Korrekt
mein
98%
Ich
95%
ich
95%
Soldat
95%
meine
93%
nie
90%
Soldaten
88%
und
88%
Und
88%
die
83%
Die
83%
es
83%
Es
83%
den
81%
im
81%
Im
81%
in
81%
wenn
81%
wie
81%
dir
79%
Er
79%
Herz
79%
ein
76%
Ein
76%
an
74%
mir
74%
Schicke
74%
zu
74%
Alles
71%
alles
71%
Bis
71%
bis
71%
der
71%
immer
71%
Immer
71%
los
71%
nach
71%
Um
71%
das
69%
dich
69%
ruft
69%
keine
67%
wieder
67%
was
64%
eine
62%
gut
62%
Widerstand
62%
bringen
60%
drin
60%
ist
60%
nicht
57%
tun
57%
zum
57%
Chaos
55%
Mich
55%
mich
55%
auch
52%
ausbricht
52%
Fragen
52%
meiner
52%
Namen
52%
Schweigen
52%
Denn
50%
denn
50%
eigenen
50%
Falle
50%
guter
50%
jeden
50%
niederzuzwingen
50%
stellt
50%
vergisst
50%
Armee
48%
armes
48%
Befehle
48%
Beine
48%
Brücken
48%
endlich
48%
gehorcht
48%
läuft
48%
versagen
48%
bau'
45%
des
45%
erinnern
45%
für
45%
Komme
45%
tut
45%
weggesperrt
45%
Einen
43%
ein'n
43%
Falles
43%
Kontrolle
43%
Lass'
43%
lass'
43%
machen
43%
Park
43%
sprenge
43%
wolle
43%
darf
40%
Gedanken
40%
Mauer
40%
nur
40%
reicht
40%
sich
40%
Stelle
40%
verlieren
40%
Doch
38%
gebrochen
38%
Runden
38%
streng
38%
überwachen
38%
unterdrücken
38%
brennt
36%
Ja
36%
Kartenhaus
36%
Straßen
36%
systematisch
36%
undichte
36%
zusammen
36%
bewegt
33%
brauch'
33%
geknebelt
33%
Lieder
33%
steht
33%
zensieren
33%
Zittern
33%
Flammen
31%
unschädlich
31%
verbrennen
31%
braucht
29%
Fotos
29%
ganze
29%
gewaltige
29%
sofort
29%
Welle
29%
Amen
26%
Blut
26%
Elemente
26%
Fassade
26%
Verdächtige
26%
Verräter
26%
Zeichen
26%
Funken
24%
klappt
24%
Klappt
24%
kühles
24%
Schwäche
24%
Stein
24%
Zunder
24%
Finger
19%
winzigen
19%
Staub
17%
Stirn
7%
Keine übereinstimmenden Quizze gefunden
Verteilung der Resultate
Anzahl Personen mit jedem Resultat
Perzentil nach korrekt beantworteten Fragen
Ihre Resultats-Entwicklung
Sie haben dieses Quiz noch nicht gespielt